Regulace invazních helmintů volně žijících přežvýkavců /

Hlavní autor: Vadlejch, Jaroslav, 1979-
Další autoři: Škorpíková, Lucie, Magdálek, Jan, Drimaj, Jakub, Plhal, Radim, Mikulka, Ondřej, Reslová, Nikol
Jazyk: Čeština
Vydáno: V Praze : Powerprint s.r.o., 2024
Vydání: Vydání první
Edice: Bookla
Témata:
Fyzický popis: 86 stran : barevné ilustrace, mapy ; 22 cm
Language note: České a anglické resumé
Knihy
Uloženo v:
LEADER 03028nam a2200829 i 4500
001 nkc20253671456
003 CZ PrNK
005 20250730100846.0
007 ta
008 250204s2024 xr ab f 000 0 cze
015 |a cnb003671456 
020 |a 978-80-7568-871-2  |q (vázáno) 
035 |a (OCoLC)1531362721 
040 |a ABA001  |b cze  |d BOA001  |e rda 
041 0 |a cze  |b cze  |b eng 
072 7 |a 636.09  |x Veterinární lékařství  |2 Konspekt  |9 24 
080 |a 636.09:616.99  |2 MRF 
080 |a 595.122.1  |2 MRF 
080 |a 595.132  |2 MRF 
080 |a 576.8  |2 MRF 
080 |a 599.735  |2 MRF 
080 |a 592/599-021.352  |2 MRF 
080 |a 616.995.1  |2 MRF 
080 |a 636.09:616-07  |2 MRF 
080 |a 636.09:616-08  |2 MRF 
080 |a 616-084  |2 MRF 
080 |a (048.8:082)  |2 MRF 
100 1 |a Vadlejch, Jaroslav,  |d 1979-  |7 mzk2006324244  |4 aut 
245 1 0 |a Regulace invazních helmintů volně žijících přežvýkavců /  |c Jaroslav Vadlejch, Lucie Škorpíková, Jan Magdálek, Jakub Drimaj, Radim Plhal, Ondřej Mikulka, Nikol Reslová 
250 |a Vydání první 
264 1 |a V Praze :  |b Powerprint s.r.o.,  |c 2024 
300 |a 86 stran :  |b barevné ilustrace, mapy ;  |c 22 cm 
336 |a text  |b txt  |2 rdacontent 
337 |a bez média  |b n  |2 rdamedia 
338 |a svazek  |b nc  |2 rdacarrier 
490 1 |a Bookla 
504 |a Obsahuje bibliografii 
546 |a České a anglické resumé 
650 0 7 |a veterinární parazitologie  |7 ph138293  |2 czenas 
650 0 7 |a motolice velká  |7 ph1189497  |2 czenas 
650 0 7 |a Ashworthius sidemi  |7 ph1060761  |2 czenas 
650 0 7 |a parazit a hostitel  |7 ph301336  |2 czenas 
650 0 7 |a přežvýkavci  |7 ph115988  |2 czenas 
650 0 7 |a divoká zvířata  |7 ph211254  |2 czenas 
650 0 7 |a helmintózy  |7 ph180704  |2 czenas 
650 0 7 |a veterinární diagnostika  |7 ph137081  |2 czenas 
650 0 7 |a veterinární terapie  |7 ph575997  |2 czenas 
650 0 7 |a prevence onemocnění  |7 ph137258  |2 czenas 
650 0 9 |a veterinary parasitology  |2 eczenas 
650 0 9 |a Fascioloides magna  |2 eczenas 
650 0 9 |a Ashworthius sidemi  |2 eczenas 
650 0 9 |a parasite and host  |2 eczenas 
650 0 9 |a ruminants  |2 eczenas 
650 0 9 |a wild animals  |2 eczenas 
650 0 9 |a helminthiasis  |2 eczenas 
650 0 9 |a veterinary diagnostics  |2 eczenas 
650 0 9 |a veterinary therapy  |2 eczenas 
650 0 9 |a prevention of diseases  |2 eczenas 
655 7 |a kolektivní monografie  |7 fd501537  |2 czenas 
655 9 |a collective monographs  |2 eczenas 
700 1 |a Škorpíková, Lucie  |7 mzk20251258308  |4 aut 
700 1 |a Magdálek, Jan  |7 pna20201071936  |4 aut 
700 1 |a Drimaj, Jakub  |7 jo20191024390  |4 aut 
700 1 |a Plhal, Radim  |7 pna20221143912  |4 aut 
700 1 |a Mikulka, Ondřej  |7 mzk20251258331  |4 aut 
700 1 |a Reslová, Nikol  |7 ola20191026358  |4 aut 
830 0 |a Bookla  |0 s 
910 2 |a BOA001  |b 2-1543.152 
990 |a BK 
995 |a 01 
991 |b 202504  |c NOV 
996 6 |b 2610999887  |c 2-1543.152  |l MZK  |r Sklad / do 1 hodiny  |n 0  |p p.v.  |w 002001118  |u 000010  |a 1  |e BOA001  |j MZK50  |s P